000 00865nam a2200241 i 4500
001 bg
100 1 _aJANKOWSKI, Norbert
245 1 0 _aOntogeniczne sieci neuronowe :
_bo sieciach zmieniających swoją strukturę /
_cNorbert Jankowski.
260 _aWarszawa :
_b"Exit",
_c2003.
300 _a312 s. :
_bwykr. ;
_c24 cm.
490 1 _aProblemy Współczesnej Nauki. Teoria i Zastosowania. Informatyka
504 _aBibliogr. - Indeks.
650 9 _aSieci neuronowe
830 _aProblemy Współczesnej Nauki. Teoria i Zastosowania. Informatyka
020 _a8387674656
040 _cBPK
041 0 _apol
080 _a004.032.26
920 _a83-87674-65-6
942 _cKS
008 s pl f |000 0 pol
999 _c44099
_d44099
856 _uhttp://koha.tu.koszalin.pl/cgi-bin/koha/opac-detail.pl?biblionumber=44099
_yKatalog online BPK